Cyclisme: Top 3 des courses du calendrier World Tour 2023 - Statistiques

Statistiques générales
  • Ce quiz a été pris 401 fois
  • Le résultat moyen est 59 sur 105
Statistiques - réponses
Course Coureur % Correct
Amstel Gold Race | La Fleche Wallonne | Paris-Nice | +2 others Tadej Pogacar
99%
Critérium du Dauphiné | Tour de France | Tour du Pays basque Jonas Vingegaard
98%
Milan - San Remo | Paris-Roubaix Mathieu van der Poel
97%
Mathieu Van der Poel
97%
Tirreno - Adriatico | Tour d'Italie | Tour de Catalogne Primoz Roglic
96%
E3 Saxo Bank Classic Wout van Aert
94%
Clasica San Sebastian | Liège-Bastogne-Liège | UAE Tour Remco Evenepoel
90%
GP Montreal | Tour de Romandie Adam Yates
85%
Simon Yates
85%
Tour d'Espagne Sepp Kuss
84%
Brugge-De Panne Classic Jasper Philipsen
83%
Gand - Wevelgem | À travers la Flandre Christophe Laporte
78%
Strade Bianche Tom Pidcock
74%
David Gaudu
70%
Bretagne Classic Valentin Madouas
68%
BEMER Cyclassics Mads Pedersen
67%
Geraint Thomas
65%
Joao Almeida
56%
Juan Ayuso
56%
GP Quebec Arnaud De Lie
53%
Tour de Pologne Matej Mohoric
48%
Omloop Het Nieuwsblad Dylan van Baarle
47%
Tour de Suisse Mattias Skjelmose
45%
Ben Healy
43%
Filippo Ganna
43%
Tour Down Under Jay Vine
39%
Mikel Landa
36%
Tiesj Benoot
33%
Renewi Tour Tim Wellens
32%
Aleksandr Vlasov
31%
Pello Bilbao
31%
Ben O'Connor
29%
Michael Matthews
29%
Matteo Jorgenson
26%
Tour de Guangxi Milan Vader
24%
Olav Kooij
23%
Neilson Powless
22%
Santiago Buitrago
21%
Pavel Sivakov
20%
Michal Kwiatkowski
19%
Yves Lampaert
19%
Cadel Road Race Marius Mayrhofer
18%
Mathieu Burgaudeau
16%
Eschborn-Frankfurt Søren Kragh Andersen
16%
Lucas Plapp
14%
Remy Rochas
14%
Tao Geoghegan Hart
13%
Andrea Bagioli
12%
Damiano Caruso
11%
Ethan Hayter
11%
Ion Izagirre
11%
Oier Lazkano
11%
Hugo Page
8%
Alex Aranburu
7%
Corbin Strong
7%
Danny Van Poppel
7%
Elia Viviani
7%
Felix Grossschartner
6%
Florian Vermeersch
6%
Patrick Konrad
6%
Sep Vanmarcke
4%
Simon Clarke
4%
Alessandro Fedeli
3%
Aucun quiz correspondant
Distribution des résultats
% des personnes avec chaque résultat
Percentile par nombre de réponses
Votre historique - résultats
Vous n’avez pas pris ce quiz